000 00839nam a2200229 i 4500
001 173330
003 ES-MaACL
005 20250929063253.0
008 091125s1984 fr |||| | fre d
020 _a2-85878-067-6
080 _a821.133.1-4"16"
100 1 _aTristan L'Hermite, François,
_d1601-1655
_9168571
245 1 3 _aLa mort de Sénèque /
_cTristan L'Hermite.
250 _aEd. accompagnée d'extraits des "Annales" de Tacite narrant cet épisode de l'histoire romaine.
260 _aParis :
_bComédie-Française,
_c1984.
300 _a118 p. ;
_c21 cm.
490 1 _aLe Répertoire. Ed. dramaturgique
700 1 _aTácito, Cayo Cornelio
_9109052
830 0 _aLe Répertoire. Ed. dramaturgique
_9189209
852 _aES-MaACL
_jE-13240
_z. - Biblioteca Jacinto Martínez Lacalle
999 _c173330
_d173330